| 000 | 00972nam a2200205 i 4500 | ||
|---|---|---|---|
| 001 | 158176 | ||
| 003 | ES-MaACL | ||
| 005 | 20250716063315.0 | ||
| 008 | 990326s1874 sp |||| | spa d | ||
| 100 | 1 |
_aLuanco, José Ramón de, _d1825-1905 _974486 |
|
| 245 | 1 | 0 |
_aDescripción y análisis de los aerolitos que cayeron en el distrito de Cangas de Onís (Asturias) el dia 6 de diciembre de 1866 / _cpor José Ramón de Luanco. |
| 260 |
_aMadrid : _b[s.n.], _c1874 ( _fImp. de T. Fortanet) |
||
| 300 |
_a27 p., [1] h. de lám. ; _c24 cm. |
||
| 530 | _aDisponible en formato digital. | ||
| 595 | _aSeparata de: Anales de la Sociedad Española de Historia Natural, t. III. | ||
| 650 | 4 |
_aMeteoritos- _zCangas de Onís. _9150721 |
|
| 852 | 4 |
_aES-MaACL _jT-674-F-11 _z- Enc. hol. conservando cub. original _z- Enc. en un vol. facticio |
|
| 856 | 4 |
_uhttp://bdh-rd.bne.es/viewer.vm?id=0000077232&page=1 _zBiblioteca Digital Hispánica |
|
| 999 |
_c158176 _d158176 |
||